000 00414nam a2200181Ia 4500
005 20250425162320.0
008 250425s9999 xx 000 0 und d
020 _a8496412024
041 _aspa
245 0 _aGRAN ENCICLOPEDIA VISUAL
250 _a1A ED.
260 _aBARCELONA
260 _aEspaƱa
_bSOL 90 SL
_c2006
300 _a112
500 _aEL UNIVERSO a - Ash
942 _c01
010 _a61813
999 _c226732
_d226732